Generátor úloh z analytickej geometrie v rovine - Kuželosečky

Guardado en:
Detalles Bibliográficos
Autor principal: Kappel, Ákos (Autor)
Otros Autores: Omachelová, Milada (Orientador)
Formato: Manuscrito Libro
Lenguaje:eslovaco
Publicado: 2022
Materias:
Acceso en línea:http://is.stuba.sk/zp/portal_zp.pl?podrobnosti=155003
Etiquetas: Agregar Etiqueta
Sin Etiquetas, Sea el primero en etiquetar este registro!

MARC

LEADER 00000ntm a22000003a 4500
001 stuzp88023
003 SK-STU
005 20220625210802.7
007 ta
008 150427s2015----xo-----f-mn---000-0-slo-d
040 |a STU  |b slo 
041 0 |a slo 
100 1 |a Kappel, Ákos  |u 070200  |4 aut  |U FIIT Fakulta informatiky a informačných technológií  |T FIIT Ústav informatiky, informačných systémov a softvérového inžinierstva  |X 102979  |U I200  |Y 179  |7 102979 
242 0 1 |a Generator of analytic geometry problems - Conic sections - Ellipse  |y eng 
245 1 0 |a Generátor úloh z analytickej geometrie v rovine - Kuželosečky 
260 |c 2022 
650 4 |a Wolfram Mathematica  |2 slo 
650 4 |a elipsa  |2 slo 
650 4 |a vzorové riešenie  |2 slo 
650 4 |a ellipse  |2 eng 
650 4 |a Wolfram Mathematica  |2 eng 
650 4 |a sample solution  |2 eng 
700 1 |a Omachelová, Milada  |u 070200  |k Z1  |4 ths  |U FIIT Fakulta informatiky a informačných technológií  |T FIIT Ústav informatiky, informačných systémov a softvérového inžinierstva  |X 2272  |U I200  |Y 179  |7 A000002272 
856 4 |u http://is.stuba.sk/zp/portal_zp.pl?podrobnosti=155003